[Event "3rd Tallinn it"]
[Site "Tallinn URS"]
[Date "1973.03.13"]
[Round "15"]
[White "Saidy, Anthony Fred"]
[Black "Spassky, Boris"]
[Result "1/2-1/2"]
[WhiteElo "2425"]
[BlackElo "2660"]
[EventDate "1973.02.19"]
[PlyCount "117"]

1.Nf3 d5 2.c4 e6 3.d4 Be7 4.Nc3 f5 5.g3 Nf6 6.Bg2 c6 7.O-O O-O 8.Bg5 Nbd7 
9.e3 b6 10.cxd5 cxd5 11.Rc1 Ne4 12.Bxe7 Qxe7 13.Qa4 Bb7 14.Ne2 Qd6 15.Nf4 
g5 16.Nd3 a5 17.Nfe5 Nef6 18.Rc3 Rfc8 19.Rfc1 Nf8 20.Rxc8 Rxc8 21.Rxc8 
Bxc8 22.Qc6 Qxc6 23.Nxc6 Kf7 24.Nde5+ Ke8 25.Bf1 Bd7 26.Bb5 Bxc6 27.Nxc6 
Kf7 28.Na7 g4 29.Nc8 N6d7 30.Kf1 Kf6 31.Ke2 h5 32.Kd2 h4 33.gxh4 Kg6 34.
Ke2 Kh5 35.Kf1 Kxh4 36.Kg2 Kg5 37.Kg3 Kf6 38.Kf4 Ng6+ 39.Kg3 Ngf8 40.Bc6 
Kg5 41.Ba4 Kh5 42.h3 gxh3 43.Kxh3 Kg6 44.Kh4 Kh6 45.f3 Kg6 46.Bc6 Kf6 47.
Bb5 Kg6 48.a4 Kf6 49.Kh5 f4 50.exf4 Kf5 51.Kh6 Kxf4 52.Kg7 Kxf3 53.Kf7 Ke4
54.Bxd7 Nxd7 55.Kxe6 Nb8 56.Nxb6 Kxd4 57.Kd6 Na6 58.Kc6 Nc5 59.Nxd5 
1/2-1/2